00451nam a2200157Ia 4500008004100000020002200041041000800063082001700071100001700088245007100105260005100176300000900227500002000236650002000256700001700276230125s9999 xx 000 0 und d a978-81-7223-780-6 aeng a920.650bBHA aBhargava R C aThe Maruti Story bHow a Public Sector Company put India on Wheels c2010bHarper Collins PublishersaUttar Pradesh a383p aCompany profile aCompany Profile aBhargava R C